Inteligencia: múltiples perspectivas
Na minha lista:
| Main Authors: | , , |
|---|---|
| Formato: | Livro |
| Idioma: | espanhol |
| Publicado em: |
Buenos Aires
Aique
2000
|
| Colecção: | Colección Psicología Cognitiva y Educación
|
| Assuntos: | |
| Tags: |
Adicionar Tag
Sem tags, seja o primeiro a adicionar uma tag!
|
MARC
| LEADER | 00000nam a2200000 a 4500 | ||
|---|---|---|---|
| 001 | UCN3408 | ||
| 003 | CL-VaPUC | ||
| 008 | 010622e20000000AG |||||||||||||||||spa|d | ||
| 020 | |a 950701635X | ||
| 082 | 0 | 4 | |a 153.9 |b GAR |2 21 |
| 100 | |a Gardner, Howard |e author |9 245668 | ||
| 700 | 0 | |a Kornhaber, Mindy L |e author |9 459949 | |
| 700 | 0 | |a Wake, Warren K |e author |9 459950 | |
| 245 | 1 | 0 | |a Inteligencia: múltiples perspectivas |
| 300 | |a 328 p | ||
| 942 | |c BK | ||
| 945 | |d 20010622 00:00:00 |a vberengu | ||
| 260 | |a Buenos Aires |b Aique |c 2000 | ||
| 600 | 0 | 7 | |a PIAGET, JEAN |2 CL-VaPUC |9 308149 |
| 650 | 0 | |a Inteligencia |9 267038 | |
| 650 | 0 | |a Desarrollo mental |9 313003 | |
| 650 | 0 | |a Psicología del desarrollo |9 307541 | |
| 650 | 0 | |a Procesos mentales superiores |9 330839 | |
| 583 | |a last modification |c 20010622 00:00:00 |k Rodrigo Vera | ||
| 490 | 0 | |a Colección Psicología Cognitiva y Educación | |
| 999 | |c 296313 |d 296311 | ||
| 952 | |0 0 |1 0 |4 0 |6 153_900000000000000_GAR_2000 |7 0 |8 A |9 349994 |a BIBEDU |b BIBEDU |d 2019-11-20 |i 3733823 |l 4 |m 11 |o 153.9 GAR 2000 |p 3733823 |r 2023-01-12 |s 2021-11-08 |w 2019-11-20 |y BK |k MUS | ||
| 952 | |0 0 |1 0 |4 0 |6 153_900000000000000_GAR_2000 |7 0 |8 A |9 349995 |a BIBEDU |b BIBEDU |d 2019-11-20 |i 3829847 |o 153.9 GAR 2000 |p 3829847 |r 2019-11-20 |w 2019-11-20 |y BK |k PSI | ||
| 952 | |0 0 |1 0 |4 0 |6 153_900000000000000_GAR_2000 |7 0 |8 A |9 349996 |a BIBEDU |b BIBEDU |d 2019-11-20 |i 4065921 |o 153.9 GAR 2000 |p 4065921 |r 2019-11-20 |w 2019-11-20 |y BK |k PAR | ||